|
|
|
|
| LEADER |
01417nam a2200337Ia 4500 |
| 001 |
EBC3377432 |
| 003 |
MiAaPQ |
| 005 |
20200520144314.0 |
| 006 |
m o d | |
| 007 |
cr cn||||||||| |
| 008 |
050321s1996 dcu s 000 0 eng d |
| 020 |
|
|
|a 0309572614 (electronic bk.)
|
| 035 |
|
|
|a (MiAaPQ)EBC3377432
|
| 035 |
|
|
|a (Au-PeEL)EBL3377432
|
| 035 |
|
|
|a (CaPaEBR)ebr10071460
|
| 035 |
|
|
|a (OCoLC)883573268
|
| 040 |
|
|
|a MiAaPQ
|c MiAaPQ
|d MiAaPQ
|
| 050 |
|
4 |
|a JK1613
|b .F43 1996
|
| 082 |
0 |
4 |
|a 352.5642460973
|2 22
|
| 110 |
2 |
|
|a Federal Facilities Council.
|
| 245 |
1 |
0 |
|a Budgeting for facilities maintenance and repair activities
|h [electronic resource] /
|c Federal Facilities Council, Standing Committee on Operations and Maintenance.
|
| 260 |
|
|
|a Washington, D.C. :
|b National Academy Press,
|c 1996.
|
| 300 |
|
|
|a viii, 49 p.
|
| 533 |
|
|
|a Electronic reproduction. Ann Arbor, MI : ProQuest, 2015. Available via World Wide Web. Access may be limited to ProQuest affiliated libraries.
|
| 650 |
|
0 |
|a Public buildings
|z United States
|x Maintenance and repair.
|
| 650 |
|
0 |
|a Real property
|z United States
|x Maintenance and repair.
|
| 650 |
|
0 |
|a Facility management
|z United States.
|
| 655 |
|
4 |
|a Electronic books.
|
| 710 |
2 |
|
|a ProQuest (Firm)
|
| 830 |
|
0 |
|a Technical report (Federal Facilities Council) ;
|v #131.
|
| 856 |
4 |
0 |
|u https://ebookcentral.proquest.com/lib/matrademy/detail.action?docID=3377432
|z Click to View
|